L'activité de la Caisse centrale de coopération économique.

O činnosti francúzskej špeciálnej finančnej inštitúcie CCCE dotovanej štátnou sumou 1 mld fr. od jej založenia v r. 1941. Zaoberá sa zahraničnou pomocou pre rozvoj. Jej vznik a vývoj. Jej záväzky v zahraničí. Rozsah a modality jej finančných intervencií. Rast intervencií v zámorských oblastiach DOM...

Descrizione completa

Salvato in:
Dettagli Bibliografici
Natura: Capitolo di libro
Lingua:francese
Soggetti:
Tags: Aggiungi Tag
Nessun Tag, puoi essere il primo ad aggiungerne!!

MARC

LEADER 00000naa a2200000 4500
001 r008598
005 20220913125011.2
041 0 |a fre 
044 |a FR 
245 1 0 |a L'activité de la Caisse centrale de coopération économique. 
520 |a O činnosti francúzskej špeciálnej finančnej inštitúcie CCCE dotovanej štátnou sumou 1 mld fr. od jej založenia v r. 1941. Zaoberá sa zahraničnou pomocou pre rozvoj. Jej vznik a vývoj. Jej záväzky v zahraničí. Rozsah a modality jej finančných intervencií. Rast intervencií v zámorských oblastiach DOM a TOM v r. 1990. Prioritné financovanie súkromného sektora. (Les Notes bleues 1991, č. 3). 
610 2 0 |a spolupráca hospodárska medzinárodná 
610 2 0 |a pomoc finančná 
610 2 0 |a pomoc medzinárodná 
610 2 0 |a rozvoj hospodársky 
610 2 0 |a Francúzsko 
610 2 0 |a CCCE